Introduction to electronic circuit design (Include CD) / (Record no. 181593)

000 -LEADER
fixed length control field 00930 a2200217 4500
003 - CONTROL NUMBER IDENTIFIER
control field Nust
005 - DATE AND TIME OF LATEST TRANSACTION
control field 20221129101136.0
010 ## - LIBRARY OF CONGRESS CONTROL NUMBER
LC control number 2001021251
020 ## - INTERNATIONAL STANDARD BOOK NUMBER
International Standard Book Number 0201361833
040 ## - CATALOGING SOURCE
Transcribing agency Nust
082 00 - DEWEY DECIMAL CLASSIFICATION NUMBER
Classification number 621.3815,SPE
100 1# - MAIN ENTRY--PERSONAL NAME
Personal name Spencer, Richard R.
9 (RLIN) 103755
245 10 - TITLE STATEMENT
Title Introduction to electronic circuit design (Include CD) /
Statement of responsibility, etc. Richard R. Spencer, Mohammed S. Ghausi.
260 ## - PUBLICATION, DISTRIBUTION, ETC.
Place of publication, distribution, etc. Upper Saddle River, N.J. :
Name of publisher, distributor, etc. Prentice Hall/Pearson Education, Inc.,
Date of publication, distribution, etc. c2003.
300 ## - PHYSICAL DESCRIPTION
Extent xx, 1132 p. :
Other physical details ill. ;
Dimensions 26 cm. +
Accompanying material 1 CD-ROM (4 3/4 inch.)
505 ## - FORMATTED CONTENTS NOTE
Formatted contents note Part-1: The Foundations of Electric Circuit Design (Page-1), Semiconductor Physics and Electric Devices (Page-43), Part-2: Analog Electronic Circuit Design (Page-211), Part-3: Digital Electronic Circuit Design (Page-965).
650 #0 - SUBJECT ADDED ENTRY--TOPICAL TERM
Topical term or geographic name entry element Telecommunication engineering
651 ## - SUBJECT ADDED ENTRY--GEOGRAPHIC NAME
Geographic name (Include CD)
9 (RLIN) 8953
700 1# - ADDED ENTRY--PERSONAL NAME
Personal name Ghausi, Mohammed Shuaib.
9 (RLIN) 103695
942 ## - ADDED ENTRY ELEMENTS (KOHA)
Source of classification or shelving scheme
Koha item type Book
Holdings
Withdrawn status Lost status Source of classification or shelving scheme Damaged status Not for loan Permanent Location Current Location Shelving location Date acquired Full call number Barcode Date last seen Price effective from Koha item type Public note
          Military College of Signals (MCS) Military College of Signals (MCS) General Stacks 12/12/2016 621.3815,SPE MCS30464 12/08/2016 12/12/2016 Book Almirah No.33, Shelf No.2
          Military College of Signals (MCS) Military College of Signals (MCS) General Stacks 11/29/2022 621.3815,SPE MCS31698 11/29/2022 11/29/2022 Book Almirah No.33, Shelf No.2
© 2023 Central Library, National University of Sciences and Technology. All Rights Reserved.